000 01025nam a22002417a 4500
999 _c57156
_d57156
005 20240402172521.0
008 191206s2018 tu ||||| |||| 00| 0 tur d
020 _a9786058217294x
041 _atur
080 _a811.512.161(075) Y-40
245 _aYedi İklim Türkçe :
_bB2 Ders Kitabı /
_cİbrahim Gültekin, Mahir Kalfa, İbrahim Atabey, Filiz Mete, Aydan Eryiğit, Uğur Kılıç.
264 _aAnkara :
_bYurus emre enstitusu,
_c2018.
300 _a209 p .:
_bill.: +1 CD.;
_c29 cm.
653 _aთურქული ენა
653 _aსახელმძღვანელო და სავარჯიშო რვეული
700 _aGültekin, İbrahim
_eავტორი
_921675
700 _aKalfa, Mahir
_eავტორი
_921685
700 _aAtabey, İbrahim
_eავტორი
_921686
700 _aMete, Filiz
_eავტორი
_921687
700 _aEryiğit, Aydan
_eავტორი
_921688
700 _aKılıç, Uğur
_eავტორი
_921689
942 _2udc
_cBK